000 00727nam a2200193 4500
001 22396
005 20230410143311.0
008 060907n2003 dr spa
020 _a8497722000
035 _9funglode22559
041 _aES
050 1 4 _aRosa
110 _aOÑATI International Institute for the Sociology of Law
245 1 _aDerechos fundamentales, movimientos sociales y participación :
_baportaciones al debate sobre la ciudadanía /
_cJosé Martínez de Pisón, Andrés García Inda, coords.
260 _aGipuzkoa, Spain :
_bOÑATI International Institute for the Sociology of Law,
_c2003
300 _a265 p.
700 _aMartínez de Pisón, José \ García Inda, Andrés
942 _2lcc
_cbk
999 _c99086
_d99086